[Event "BL 0607 SV Wattenscheid - TV Tegernsee"]
[Site "?"]
[Date "2006.11.18"]
[Round "3.5"]
[White "Rozentalis, Eduardas"]
[Black "Appel, Ralf"]
[Result "0-1"]
[WhiteElo "2591"]
[BlackElo "2507"]
[PlyCount "162"]
[EventDate "2006.??.??"]

1. e4 Nf6 2. e5 Nd5 3. d4 d6 4. Nf3 g6 5. h3 Bg7 6. c4 Nb6 7. exd6 cxd6 8. Nc3
O-O 9. Be2 Nc6 10. O-O Bf5 11. b3 d5 12. c5 Nd7 13. Bb2 Be4 14. Na4 Bxf3 15.
Bxf3 e6 16. Qd3 Qb8 17. Rfd1 b5 18. cxb6 axb6 19. Be2 Rc8 20. a3 Ra5 21. Bc3
Ra7 22. Bf1 Bf8 23. Bb2 Na5 24. Rab1 Nb7 25. Nc3 Nd6 26. a4 Nf6 27. Qg3 Rac7
28. Re1 Qa8 29. Rbc1 Qa5 30. Qd3 Bh6 31. b4 Qxb4 32. Rb1 Qa5 33. Nb5 Nxb5 34.
Qxb5 Qxb5 35. Bxb5 Ne4 36. Bd3 Nd2 37. Ra1 Nc4 38. Bc1 Bd2 39. Bxd2 Nxd2 40.
Ba6 Ra8 41. Bb5 Nb3 42. Rad1 Rc3 43. Re3 Rac8 44. Bf1 Na5 45. Rxc3 Rxc3 46. h4
Nb3 47. g3 Rc1 48. Rd3 Na5 49. Kg2 Rc4 50. Rd1 Rxa4 51. Rb1 Rxd4 52. Rxb6 Nc4
53. Rc6 Ne5 54. Rc8+ Kg7 55. Be2 Rd2 56. Kf1 h5 57. f3 Rb2 58. Ke1 d4 59. Rd8
d3 60. Bd1 Rg2 61. f4 Rg1+ 62. Kf2 Rxd1 63. fxe5 d2 64. Kg2 Re1 65. Rxd2 Rxe5
66. Rd7 Rb5 67. Kf3 Kf6 68. Ra7 Rb3+ 69. Kf2 e5 70. Rc7 Ke6 71. Ra7 f6 72. Ra6+
Kf5 73. Kg2 Rb2+ 74. Kh3 Rd2 75. Ra5 Rd3 76. Ra8 Rd5 77. Re8 e4 78. Kg2 Re5 79.
Rh8 e3 80. Kf1 e2+ 81. Ke1 Re3 0-1

[Event "BL 0607 SV Wattenscheid - TV Tegernsee"]
[Site "?"]
[Date "2006.11.18"]
[Round "3.6"]
[White "Holzke, Frank Dr"]
[Black "Boensch, Uwe"]
[Result "1/2-1/2"]
[WhiteElo "2461"]
[BlackElo "2524"]
[PlyCount "104"]
[EventDate "2006.??.??"]

1. e4 c5 2. Nf3 Nc6 3. d4 cxd4 4. Nxd4 e5 5. Nb5 d6 6. N1c3 a6 7. Na3 Be6 8.
Nd5 Bxd5 9. exd5 Nb8 10. Be2 Nf6 11. O-O Be7 12. c4 O-O 13. Be3 Nbd7 14. Qb3
Qb8 15. Nb1 Bd8 16. Nc3 Ba5 17. Na4 Ne4 18. Qc2 f5 19. Bd3 b5 20. cxb5 axb5 21.
Bxe4 fxe4 22. Nc3 Bxc3 23. Qxc3 Rc8 24. Qb3 Nc5 25. Bxc5 Rxc5 26. h3 Ra4 27.
Rfc1 Qc8 28. Rxc5 Qxc5 29. Re1 Rc4 30. Qe3 Qxd5 31. b3 Rd4 32. Qg5 Qf7 33. Qg4
h5 34. Qc8+ Kh7 35. Qc2 d5 36. a4 bxa4 37. bxa4 Rd3 38. a5 Ra3 39. Qb2 Rxa5 40.
Qxe5 Ra2 41. Rf1 Rd2 42. Qg5 Rd3 43. Rc1 Qg6 44. Qe5 e3 45. fxe3 Rd2 46. g3 Re2
47. Rf1 d4 48. Rf5 Rxe3 49. Rxh5+ Kg8 50. Qd5+ Re6 51. Qd8+ Re8 52. Qd5+ Re6
1/2-1/2

[Event "BL 0607 SV Wattenscheid - TV Tegernsee"]
[Site "?"]
[Date "2006.11.18"]
[Round "3.7"]
[White "Hertneck, Gerald"]
[Black "Handke, Florian"]
[Result "1/2-1/2"]
[WhiteElo "2520"]
[BlackElo "2459"]
[PlyCount "84"]
[EventDate "2006.??.??"]

1. d4 d5 2. c4 c6 3. Nf3 Nf6 4. Nc3 dxc4 5. a4 Bf5 6. Ne5 Nbd7 7. Nxc4 Nb6 8.
Ne5 a5 9. f3 Nfd7 10. Nxd7 Nxd7 11. e4 Bg6 12. Be3 e5 13. Be2 Qb6 14. Qd2 exd4
15. Bxd4 Bc5 16. Bxc5 Nxc5 17. Qd6 Rd8 18. Nd5 Qb4+ 19. Nxb4 Rxd6 20. Nc2 Ke7
21. Ne3 Rd4 22. Kf2 f6 23. Ra3 Rhd8 24. Rc1 Ne6 25. Nc4 Nf4 26. Bf1 Bf7 27.
Nxa5 Rd2+ 28. Ke3 Nxg2+ 29. Bxg2 Rxg2 30. Nxb7 Rdd2 31. h4 g5 32. hxg5 fxg5 33.
Rd3 Rge2+ 34. Kd4 Rxd3+ 35. Kxd3 Rxb2 36. Na5 Ra2 37. Nxc6+ Kd6 38. e5+ Kd7 39.
Ke4 Bg6+ 40. Kd5 Bf7+ 41. Ke4 Bg6+ 42. Kd5 Bf7+ 1/2-1/2

[Event "BL 0607 SV Wattenscheid - TV Tegernsee"]
[Site "?"]
[Date "2006.11.18"]
[Round "3.8"]
[White "Straeter, Timo"]
[Black "Gross, David"]
[Result "0-1"]
[WhiteElo "2345"]
[BlackElo "2478"]
[PlyCount "66"]
[EventDate "2006.??.??"]

1. d4 Nf6 2. Nf3 e6 3. c4 b6 4. Bf4 Bb7 5. e3 Be7 6. Nc3 Nh5 7. Bg3 d6 8. Bd3
Nd7 9. Be4 c6 10. O-O Nxg3 11. hxg3 h5 {[%emt 0:00:00]} 12. Nd2 g6 13. a4 a6
14. a5 d5 15. Bf3 b5 16. cxd5 cxd5 17. e4 dxe4 18. Bxe4 Bxe4 19. Ndxe4 Nf6 20.
Qf3 O-O 21. Rfd1 Nd5 22. Nc5 Nxc3 23. Qxc3 Qd5 24. Qe3 Rfd8 25. Ne4 b4 26. Qf4
Rac8 27. Rd3 Rc4 28. Rad1 Qf5 29. b3 Rc2 30. Qe3 Rd5 31. Nd2 Rxa5 32. Nf3 Raa2
33. Rf1 Re2 0-1

[Event "BL 0607 Solinger SG - SC Eppingen"]
[Site "?"]
[Date "2006.11.18"]
[Round "3.3"]
[White "Postny, Evgeny"]
[Black "Naumann, Alexander"]
[Result "1/2-1/2"]
[WhiteElo "2609"]
[BlackElo "2542"]
[PlyCount "97"]
[EventDate "2006.??.??"]

1. d4 d5 2. c4 c6 3. Nf3 Nf6 4. Nc3 dxc4 5. a4 Bf5 6. Nh4 Bc8 7. Nf3 Bf5 8. e3
e6 9. Bxc4 Bb4 10. O-O Nbd7 11. Qe2 Bg6 12. Rd1 O-O 13. Ne5 Qa5 14. Nxg6 hxg6
15. Qc2 Rac8 16. Na2 Bd6 17. b4 Qc7 18. h3 a5 19. bxa5 Qxa5 20. Bd2 Qc7 21. Nc3
Nb6 22. Bb3 Nbd5 23. Ne4 Nxe4 24. Qxe4 Bb4 25. Bxb4 Nxb4 26. Rac1 Qe7 27. Rc5
Rfd8 28. Rb1 Nd5 29. Qc2 Nf6 30. Bc4 Ra8 31. Be2 Rd5 32. Rc4 Rda5 33. Rcb4 R8a7
34. Qb2 Rxa4 35. Rxb7 Rxb7 36. Qxb7 Qxb7 37. Rxb7 Ra1+ 38. Kh2 Ra2 39. Bf3 Rxf2
40. Bxc6 Re2 41. Rb8+ Kh7 42. Rb3 g5 43. Kg3 Rd2 44. Kf3 g6 45. Rb5 Kh6 46. Rc5
Rb2 47. Rb5 Rxb5 48. Bxb5 g4+ 49. hxg4 1/2-1/2

[Event "BL 0607 Solinger SG - SC Eppingen"]
[Site "?"]
[Date "2006.11.18"]
[Round "3.4"]
[White "Werle, Jan"]
[Black "Acs, Peter"]
[Result "1-0"]
[WhiteElo "2551"]
[BlackElo "2522"]
[PlyCount "105"]
[EventDate "2006.??.??"]

1. Nf3 Nf6 2. c4 g6 3. Nc3 Bg7 4. e4 d6 5. d4 O-O 6. Be2 e5 7. O-O Nc6 8. d5
Ne7 9. b4 Nh5 10. Re1 f5 11. Ng5 Nf6 12. Bf3 a5 13. Rb1 axb4 14. Rxb4 b6 15.
Ra4 Rxa4 16. Qxa4 Bd7 17. Qa7 h6 18. Ne6 Bxe6 19. dxe6 Nc6 20. Qb7 fxe4 21.
Qxc6 exf3 22. Qxf3 Qe8 23. Qh3 g5 24. Nd5 g4 25. Qd3 Qxe6 26. Nxc7 Qf7 27. Nb5
d5 28. Nd6 Qc7 29. Nf5 dxc4 30. Qe3 Qd7 31. Nxg7 Qxg7 32. Qxb6 h5 33. Rxe5 Re8
34. Bb2 Qg6 35. Rxe8+ Qxe8 36. h3 h4 37. Qa5 Qg6 38. Qd8+ Ne8 39. Qd5+ Kf8 40.
Ba3+ Kg7 41. Qd7+ Kg8 42. Qxg4 Qxg4 43. hxg4 Nf6 44. Bc1 Ne4 45. a4 c3 46. a5
Nc5 47. Kf1 Kf7 48. Ke2 c2 49. Kd2 Nb3+ 50. Kxc2 Nxa5 51. Kd3 Nc6 52. Ke4 Kg6
53. f4 1-0

[Event "BL 0607 Solinger SG - SC Eppingen"]
[Site "?"]
[Date "2006.11.18"]
[Round "3.6"]
[White "Gabriel, Christian"]
[Black "Meier, Georg"]
[Result "0-1"]
[WhiteElo "2540"]
[BlackElo "2484"]
[PlyCount "100"]
[EventDate "2006.??.??"]

1. d4 e6 2. c4 Nf6 3. Nf3 Bb4+ 4. Bd2 c5 5. Bxb4 cxb4 6. e3 O-O 7. Be2 b6 8.
O-O Bb7 9. Ne1 d6 10. Nd3 a5 11. a3 bxa3 12. bxa3 Qc7 13. Qb3 Ba6 14. Rc1 Rc8
15. Nd2 Nbd7 16. Rab1 e5 17. h3 Re8 18. Qd1 Rac8 19. a4 Qd8 20. Bf1 h6 21. Qb3
Qe7 22. Nb2 Bb7 23. Bd3 exd4 24. exd4 Nh5 25. Bf1 Nf4 26. Nf3 Be4 27. Ra1 Qf6
28. Rc3 Bxf3 29. Rxf3 Qxd4 30. Rd1 Qe5 31. Qb5 Nf6 32. Qxe5 dxe5 33. Rb3 Re6
34. g3 Ng6 35. h4 Rec6 36. Rb5 e4 37. h5 Nf8 38. Rb1 N8d7 39. Nd1 Rc5 40. Nc3
Rxb5 41. Rxb5 Rc5 42. Be2 Rxb5 43. Nxb5 Nc5 44. Bd1 Kf8 45. Nd6 Nfd7 46. Bc2
Ke7 47. Nf5+ Kf6 48. g4 Ne5 49. Ne3 Kg5 50. Bd1 Ned3 0-1

[Event "BL 0607 Solinger SG - SC Eppingen"]
[Site "?"]
[Date "2006.11.18"]
[Round "3.7"]
[White "Medvegy, Zoltan"]
[Black "Ernst, Sipke"]
[Result "1/2-1/2"]
[WhiteElo "2518"]
[BlackElo "2512"]
[PlyCount "176"]
[EventDate "2006.??.??"]

1. e4 e5 2. Bc4 Nf6 3. d3 Nc6 4. Nf3 Be7 5. O-O O-O 6. Re1 d6 7. a4 h6 8. a5 a6
9. c3 Nh7 10. d4 Ng5 11. d5 Nb8 12. Nbd2 g6 13. h4 Nxf3+ 14. Nxf3 Kg7 15. h5 f5
16. hxg6 f4 17. Be2 Nd7 18. Nh2 Nf6 19. Bf3 Qe8 20. Ng4 Ng8 21. Nh2 h5 22. g3
fxg3 23. fxg3 Qxg6 24. Kh1 Nf6 25. Qe2 Bg4 26. Ra4 Rf7 27. Rc4 Rc8 28. Rf1 Bh3
29. Bg2 Bd7 30. Rb4 Rb8 31. Qe3 c5 32. dxc6 Bxc6 33. Rf5 Nh7 34. Qh6+ Qxh6 35.
Bxh6+ Kg6 36. Rxf7 Kxf7 37. Be3 Nf6 38. Bb6 Rg8 39. Nf1 Rg4 40. Kh2 h4 41. Bf3
Rg8 42. gxh4 Ng4+ 43. Kh1 Bxh4 44. Ne3 Nxe3 45. Bxe3 Rg3 46. Bh5+ Ke6 47. Bb6
Bg5 48. Bd1 Rd3 49. Bg4+ Ke7 50. Kg2 Bc1 51. Kf1 Rg3 52. Bc8 Rg8 53. Bf5 Bb5+
54. Kf2 Bg5 55. Kf3 Rh8 56. Be3 Bf6 57. c4 Bc6 58. Rb3 Kf7 59. Rd3 Be7 60. b4
Rh5 61. Kg3 Rh4 62. Kf3 Rh2 63. Rb3 Ba4 64. Rb1 Bc2 65. Rc1 Bd3 66. Rc3 Be2+
67. Kg3 Rh8 68. Kf2 Rh2+ 69. Kg3 Rh8 70. Kf2 Bd1 71. Ke1 Rh1+ 72. Kf2 Rh2+ 73.
Kg3 Rb2 74. c5 Ba4 75. cxd6 Bxd6 76. Bc5 Bxc5 77. Rxc5 Kf6 78. Rc4 Bb5 79. Rc7
Bc6 80. Rh7 Rxb4 81. Rh6+ Kf7 82. Kg4 Bxe4 83. Bxe4 Rxe4+ 84. Kf5 Rb4 85. Rh7+
Ke8 86. Kxe5 Kd8 87. Kd6 Rd4+ 88. Kc5 Rd7 {der Rest der Notation nicht
vorhanden} 1/2-1/2

[Event "BL 0607 Solinger SG - SC Eppingen"]
[Site "?"]
[Date "2006.11.18"]
[Round "3.8"]
[White "Wegerle, Joerg"]
[Black "Vogt, Lothar"]
[Result "1/2-1/2"]
[WhiteElo "2411"]
[BlackElo "2479"]
[PlyCount "43"]
[EventDate "2006.??.??"]

1. e4 c5 2. Nf3 e6 3. Nc3 d6 4. d4 cxd4 5. Nxd4 Nf6 6. Be2 Be7 7. O-O O-O 8. f4
Qb6 9. Be3 Qxb2 10. Ncb5 Qb4 11. Bd3 Nbd7 12. a4 Qa5 13. Nb3 Qd8 14. Nxa7 d5
15. e5 Ne4 16. Bxe4 dxe4 17. Qd4 Qc7 18. Rf2 f6 19. Nb5 Qc6 20. Na7 Qc7 21. Nb5
Qc6 22. Na7 1/2-1/2

[Event "BL 0607 SG Köln Porz - OSC Baden Baden"]
[Site "?"]
[Date "2006.11.18"]
[Round "3.3"]
[White "Nisipeanu, Liviu-Dieter"]
[Black "Timman, Jan H"]
[Result "1/2-1/2"]
[WhiteElo "2690"]
[BlackElo "2565"]
[PlyCount "86"]
[EventDate "2006.??.??"]

{H-H} 1. d4 d5 2. Nf3 Nf6 3. c4 e6 4. Nc3 Nbd7 5. cxd5 exd5 6. Bg5 c6 7. e3 Be7
8. Qc2 Nh5 9. Bxe7 Qxe7 10. O-O-O Nb6 11. Ne5 Nf6 12. Bd3 Ng4 13. Nf3 Nf6 14.
h3 Be6 15. Kb1 O-O-O 16. Nd2 Kb8 17. Nb3 Rc8 18. f3 Nfd7 19. Qf2 g6 20. h4 h5
21. Ne2 c5 22. Nxc5 Nxc5 23. dxc5 Rxc5 24. Rc1 Rhc8 25. Nd4 Bd7 26. Rxc5 Qxc5
27. g4 Nc4 28. gxh5 gxh5 29. Rg1 f6 30. Ka1 Qe7 31. Re1 a6 32. Bb1 Qd6 33. Rc1
Rg8 34. b3 Na5 35. Kb2 Nc6 36. Rg1 Rxg1 37. Qxg1 Nxd4 38. exd4 Ka7 39. Qc1 Qh2+
40. Ka3 b6 41. Qe3 Qxh4 42. Qe7 Qh3 43. Bg6 Qe6 1/2-1/2

[Event "BL 0607 SG Köln Porz - OSC Baden Baden"]
[Site "?"]
[Date "2006.11.18"]
[Round "3.4"]
[White "Graf, Alexander"]
[Black "Harikrishna, Pentala"]
[Result "1/2-1/2"]
[WhiteElo "2601"]
[BlackElo "2674"]
[PlyCount "131"]
[EventDate "2006.??.??"]

{H-H} 1. d4 Nf6 2. c4 e6 3. Nc3 Bb4 4. e3 O-O 5. Bd3 b6 6. Nge2 d5 7. cxd5 exd5
8. O-O Re8 9. f3 Bb7 10. e4 dxe4 11. fxe4 Bxc3 12. bxc3 Bxe4 13. Bg5 Bxd3 14.
Qxd3 Nbd7 15. Ng3 Qe7 16. Rf3 h6 17. Bf4 c6 18. Raf1 Qe6 19. Re3 Qg4 20. Nf5
Rxe3 21. Bxe3 Qe4 22. Qd2 Ng4 23. Bg5 hxg5 24. Qxg5 g6 25. Qxg4 Qxg4 26. Nh6+
Kg7 27. Nxg4 Re8 28. Kf2 f5 29. Ne3 Nf6 30. Rc1 b5 31. Kf3 Ne4 32. Rc2 c5 33.
dxc5 Rc8 34. g4 Kf6 35. gxf5 gxf5 36. c4 bxc4 37. Kf4 Nxc5 38. Nxc4 Nd3+ 39.
Ke3 Nb4 40. Rc1 Nxa2 41. Ra1 Nb4 42. Na3 Rc3+ 43. Kd2 Rd3+ 44. Ke2 Rh3 45. Nb5
Rxh2+ 46. Kf3 a6 47. Ra4 Rh3+ 48. Kg2 Rb3 49. Nd4 Rb2+ 50. Kf3 Rb1 51. Ke2 Kg5
52. Kf3 Kf6 53. Kg2 Nd3 54. Rxa6+ Ke5 55. Ne2 Rb3 56. Ra5+ Ke4 57. Ng3+ Kf4 58.
Nxf5 Rb2+ 59. Kh3 Nf2+ 60. Kh4 Ne4 61. Kh5 Rb6 62. Ng7 Ng3+ 63. Kh4 Rh6+ 64.
Nh5+ Nxh5 65. Rxh5 Rxh5+ 66. Kxh5 1/2-1/2

[Event "BL 0607 SG Köln Porz - OSC Baden Baden"]
[Site "?"]
[Date "2006.11.18"]
[Round "3.7"]
[White "Movsesian, Sergei"]
[Black "Van den Doel, Erik"]
[Result "1/2-1/2"]
[WhiteElo "2637"]
[BlackElo "2578"]
[PlyCount "155"]
[EventDate "2006.??.??"]

{H-H} 1. Nf3 Nf6 2. g3 d5 3. Bg2 e6 4. O-O Be7 5. d3 c5 6. Nbd2 Nc6 7. e4 Qc7
8. Re1 b6 9. e5 Nd7 10. c4 Bb7 11. cxd5 exd5 12. Nf1 O-O-O 13. d4 Nf8 14. Ne3
Ne6 15. Nf5 Bf8 16. Bh3 Kb8 17. Be3 Ka8 18. Rc1 g6 19. Nd6 Bxd6 20. exd6 Rxd6
21. Bxe6 Rxe6 22. dxc5 d4 23. cxb6 Qxb6 24. Nxd4 Ne5 25. Bf4 Qxd4 26. Rxe5
Qxd1+ 27. Rxd1 Rxe5 28. Bxe5 Re8 29. f4 Bc6 30. Kf2 Kb7 31. Rd3 Re7 32. g4 Rd7
33. Rb3+ Ka6 34. Ke3 Bd5 35. Rb4 Rb7 36. Ra4+ Kb5 37. b3 Be6 38. g5 Rd7 39. Bd4
a6 40. Bc3 Bf5 41. Rb4+ Kc6 42. Bd4 Re7+ 43. Be5 Rd7 44. Rc4+ Kb7 45. Rc3 Be6
46. a4 a5 47. Rc5 Rd5 48. Rc7+ Kb6 49. Rc3 Rd1 50. Bd4+ Kb7 51. Rc5 Rb1 52.
Rxa5 Rxb3+ 53. Ke4 Rh3 54. Ra7+ Kb8 55. a5 Rxh2 56. Re7 Re2+ 57. Be3 Ra2 58.
Bb6 Re2+ 59. Kd4 Rd2+ 60. Kc5 Rc2+ 61. Kd6 Rc8 62. a6 Ka8 63. Ra7+ Kb8 64. Rb7+
Ka8 65. Re7 Kb8 66. Ra7 Rd8+ 67. Kc5 Rd7 68. Rxd7 Bxd7 69. Kd6 Be6 70. Ke7 Ka8
71. Kf8 Ba2 72. Kg7 Be6 73. Kxh7 Ba2 74. Bd4 Be6 75. Kg7 Ba2 76. Kf6 Be6 77. f5
Bxf5 78. Kxf7 1/2-1/2

[Event "BL 0607 SC Remagen - SC Bann"]
[Site "?"]
[Date "2006.11.18"]
[Round "3.1"]
[White "Laznicka, Viktor"]
[Black "Fressinet, Laurent"]
[Result "1-0"]
[WhiteElo "2596"]
[BlackElo "2628"]
[PlyCount "79"]
[EventDate "2006.??.??"]

{H-H} 1. e4 e5 2. Nf3 Nc6 3. Bb5 a6 4. Bxc6 dxc6 5. O-O Bd6 6. d4 exd4 7. Qxd4
f6 8. Be3 Ne7 9. Nbd2 Be6 10. Rad1 Ng6 11. Nc4 Bxc4 12. Qxc4 Qe7 13. Rfe1 O-O-O
14. c3 Rhe8 15. Bc1 Bc5 16. Rxd8+ Rxd8 17. g3 Bb6 18. Kg2 Qd7 19. e5 Re8 20.
exf6 gxf6 21. Rxe8+ Qxe8 22. h4 Kb8 23. h5 Nf8 24. Qd3 Ka7 25. Bh6 Nd7 26. Bg7
h6 27. Qf5 Qe2 28. Nd4 Bxd4 29. cxd4 Nb6 30. Bxh6 Nd5 31. Bf4 Qb5 32. g4 Qxb2
33. h6 Qxd4 34. Bc1 Qc4 35. h7 Ne7 36. Be3+ b6 37. Qf4 Qd5+ 38. f3 Qxa2+ 39.
Bf2 Nd5 40. Qh6 1-0

[Event "BL 0607 SC Remagen - SC Bann"]
[Site "?"]
[Date "2006.11.18"]
[Round "3.2"]
[White "Fedorchuk, Sergey"]
[Black "Stocek, Jiri"]
[Result "1-0"]
[WhiteElo "2599"]
[BlackElo "2572"]
[PlyCount "53"]
[EventDate "2006.??.??"]

{H-H} 1. e4 c5 2. Nf3 d6 3. d4 cxd4 4. Nxd4 Nf6 5. Nc3 g6 6. Be3 Bg7 7. f3 Nc6
8. Qd2 O-O 9. O-O-O Bd7 10. g4 Rc8 11. h4 h5 12. gxh5 Nxh5 13. Rg1 Nxd4 14.
Bxd4 Bxd4 15. Qxd4 Be6 16. Rg5 Qb6 17. Qd2 Rfd8 18. Rb5 Qg1 19. Rg5 Qb6 20. Na4
Qc7 21. Rxh5 d5 22. Bd3 dxe4 23. Qh6 gxh5 24. Rg1+ Bg4 25. Bxe4 f6 26. fxg4 Qh2
27. Re1 1-0

[Event "BL 0607 SC Remagen - SC Bann"]
[Site "?"]
[Date "2006.11.18"]
[Round "3.3"]
[White "Muraniy, Karl-Jasmin"]
[Black "Goloshchapov, Alexander"]
[Result "1/2-1/2"]
[WhiteElo "2357"]
[BlackElo "2552"]
[PlyCount "92"]
[EventDate "2006.??.??"]

{H-H} 1. e4 c5 2. Nf3 Nc6 3. d4 cxd4 4. Nxd4 Nf6 5. Nc3 d6 6. Nxc6 bxc6 7. Bd3
e5 8. O-O Be7 9. Kh1 O-O 10. Qe1 Be6 11. Bd2 Nd7 12. Na4 Qc7 13. b3 d5 14. f4
dxe4 15. Ba5 Qc8 16. Qxe4 f5 17. Qe2 e4 18. Ba6 Qb8 19. Bc4 Bf7 20. Rad1 Nf6
21. Bxf7+ Rxf7 22. Nb2 Nd5 23. g3 Bf6 24. Na4 Qf8 25. Rd2 Re8 26. Qa6 e3 27.
Re2 Qd6 28. Qd3 Qb8 29. c4 Nb4 30. Bxb4 Qxb4 31. Rxe3 Rxe3 32. Qxe3 Re7 33. Qd3
g6 34. Kg2 Re4 35. Rd1 Bd4 36. c5 Kg7 37. Kh3 Kh6 38. Rc1 Qa3 39. Rc2 Qb4 40.
Rc4 Qe1 41. Rxd4 Rxd4 42. Qxd4 Qf1+ 43. Kh4 Qe2 44. Kh3 Qf1+ 45. Kh4 Qe2 46.
Kh3 Qf1+ 1/2-1/2

[Event "BL 0607 SC Remagen - SC Bann"]
[Site "?"]
[Date "2006.11.18"]
[Round "3.4"]
[White "Degraeve, Jean-Marc"]
[Black "Dolezal, Radoslav"]
[Result "1-0"]
[WhiteElo "2551"]
[BlackElo "2422"]
[PlyCount "89"]
[EventDate "2006.??.??"]

{H-H} 1. e4 e5 2. Bc4 Nf6 3. d4 exd4 4. Nf3 Bc5 5. e5 d5 6. Bb5+ Nfd7 7. O-O c6
8. Bd3 Nf8 9. b4 Bxb4 10. Nxd4 Bc5 11. Nb3 Be7 12. f4 c5 13. Bb5+ Nc6 14. Nc3
a6 15. Bxc6+ bxc6 16. Ba3 c4 17. Bxe7 Qxe7 18. Nd4 Ne6 19. Nf5 Qa7+ 20. Kh1 O-O
21. Nd6 f6 22. f5 Nc5 23. Qd4 Nd7 24. Qxa7 Rxa7 25. e6 Ne5 26. Rab1 a5 27. Rb8
Bxe6 28. Rxf8+ Kxf8 29. fxe6 Re7 30. Rb1 Rxe6 31. Rb8+ Ke7 32. Nf5+ Kf7 33.
Rb7+ Kg6 34. Nxg7 Rd6 35. h3 f5 36. Ne2 d4 37. Nf4+ Kg5 38. Nge6+ Kf6 39. Rxh7
d3 40. cxd3 cxd3 41. Rh6+ Kf7 42. Rh7+ Kf6 43. Ng7 Kg5 44. g3 Rd7 45. Kg2 1-0

[Event "BL 0607 SC Remagen - SC Bann"]
[Site "?"]
[Date "2006.11.18"]
[Round "3.5"]
[White "Cernousek, Lukas"]
[Black "Popovic, Petar"]
[Result "0-1"]
[WhiteElo "2408"]
[BlackElo "2483"]
[PlyCount "97"]
[EventDate "2006.??.??"]

{H-H} 1. e4 c5 2. Nf3 d6 3. d4 cxd4 4. Nxd4 Nf6 5. Nc3 a6 6. Be2 e5 7. Nb3 Be7
8. O-O O-O 9. Be3 Be6 10. Qd2 Nbd7 11. a4 Qc7 12. a5 Rac8 13. Rfc1 Nc5 14. Nxc5
dxc5 15. f3 h6 16. Na4 Nd7 17. c4 Bg5 18. Bxg5 hxg5 19. Nc3 Qd8 20. Rd1 g6 21.
Qe3 Kg7 22. b3 Qe7 23. Nd5 Bxd5 24. cxd5 Rfd8 25. Rac1 Qf6 26. Rc4 Rb8 27. b4
cxb4 28. Rdc1 Qe7 29. Rc7 Qd6 30. R1c4 Nf6 31. Qxg5 Ne8 32. R7c5 b3 33. Qc1 b5
34. Rc3 Qd7 35. Rxb3 Rdc8 36. Rbc3 Rxc5 37. Rxc5 Qa7 38. Kf1 Nd6 39. Qc3 Qe7
40. Rc6 Nb7 41. Rxa6 b4 42. Qc6 b3 43. d6 Qg5 44. Qc7 Rh8 45. Bc4 Qc1+ 46. Ke2
Qc2+ 47. Ke3 Qc3+ 48. Ke2 Nd8 49. h3 0-1

[Event "BL 0607 SC Remagen - SC Bann"]
[Site "?"]
[Date "2006.11.18"]
[Round "3.6"]
[White "Bindrich, Falko"]
[Black "Mozny, Mylos"]
[Result "1-0"]
[WhiteElo "2482"]
[BlackElo "2392"]
[PlyCount "97"]
[EventDate "2006.??.??"]

{H-H} 1. e4 c5 2. Nf3 e6 3. Nc3 d6 4. d4 cxd4 5. Nxd4 a6 6. Be3 Nf6 7. f3 b5 8.
Qd2 Qc7 9. O-O-O Nbd7 10. g4 Ne5 11. g5 Nfd7 12. f4 Nc4 13. Bxc4 Qxc4 14. b3
Qc7 15. f5 Ne5 16. Rhf1 Bd7 17. Nce2 Qb7 18. Nf4 Qxe4 19. fxe6 fxe6 20. Bg1
O-O-O 21. Ndxe6 Re8 22. Nxf8 Rhxf8 23. Qxd6 Qc6 24. Qd2 Bg4 25. Nd5 Nf3 26. Qb4
Bf5 27. Qc5 Ne5 28. Ne7+ Rxe7 29. Rxf5 Rxf5 30. Qxe7 Nd7 31. Qe8+ Kc7 32. h3
Rd5 33. Rxd5 Qxd5 34. Qe3 Qc6 35. Kb2 g6 36. Qa7+ Kc8 37. Bh2 Kd8 38. Qd4 Kc8
39. Qh8+ Kb7 40. Qxh7 b4 41. Qg7 a5 42. Qd4 Nc5 43. Qd6 Qc8 44. a4 bxa3+ 45.
Kxa3 a4 46. Qd5+ Ka6 47. Qc4+ Kb7 48. Bg1 axb3 49. Qxc5 1-0

[Event "BL 0607 SC Remagen - SC Bann"]
[Site "?"]
[Date "2006.11.18"]
[Round "3.7"]
[White "Nun, Jiri"]
[Black "Mainka, Romuald"]
[Result "1/2-1/2"]
[WhiteElo "2382"]
[BlackElo "2485"]
[PlyCount "115"]
[EventDate "2006.??.??"]

{H-H} 1. e4 c5 2. Nf3 e6 3. d3 Nc6 4. g3 d5 5. Nbd2 Bd6 6. Bg2 Nge7 7. O-O O-O
8. Nh4 Qc7 9. f4 f6 10. c3 Bd7 11. Qe2 Rad8 12. Ndf3 b5 13. Bd2 c4 14. d4 dxe4
15. Qxe4 Rde8 16. Rae1 Nd8 17. Bh3 Kh8 18. Qb1 Bc6 19. Re2 a5 20. a3 Nd5 21.
Qe1 b4 22. axb4 axb4 23. Ng2 bxc3 24. bxc3 Qb7 25. Nfh4 f5 26. Ne3 Nxe3 27.
Rxe3 Nf7 28. Bg2 Bxg2 29. Nxg2 Qc8 30. Qe2 Re7 31. Nh4 Rfe8 32. Nf3 Qc6 33. Re1
Kg8 34. Bc1 Nd8 35. Ne5 Bxe5 36. Rxe5 Nf7 37. Rc5 Qa8 38. Qxc4 Nd6 39. Qd3 Ne4
40. Re5 Rc7 41. Bd2 Qa2 42. Re2 Qb3 43. R5xe4 fxe4 44. Qxe4 Qc4 45. Kf2 Rf7 46.
h4 h6 47. g4 Qb5 48. h5 Ra7 49. Kf3 Ree7 50. Be1 Qc4 51. Kg3 Ra2 52. Rxa2 Qxa2
53. Qd3 Qb3 54. Qe2 Rb7 55. f5 exf5 56. Qe8+ Kh7 57. Qg6+ Kg8 58. Qe8+ 1/2-1/2

[Event "BL 0607 SC Remagen - SC Bann"]
[Site "?"]
[Date "2006.11.18"]
[Round "3.8"]
[White "Boidman, Yuri"]
[Black "Baerwinkel, Tobias"]
[Result "0-1"]
[WhiteElo "2438"]
[BlackElo "2291"]
[PlyCount "161"]
[EventDate "2006.??.??"]

{H-H} 1. e4 c5 2. Nf3 d6 3. d4 cxd4 4. Qxd4 a6 5. c4 Nc6 6. Qd2 Nf6 7. Nc3 Bg4
8. Be2 g6 9. b3 Bg7 10. Bb2 Rb8 11. h3 Bxf3 12. Bxf3 O-O 13. Nd5 Nxd5 14. Bxg7
Kxg7 15. cxd5 Ne5 16. Be2 Qb6 17. O-O a5 18. Kh1 Kg8 19. Rac1 Rbc8 20. f4 Rxc1
21. Rxc1 Nd7 22. Bg4 Nc5 23. Rc4 Qa7 24. Qd4 b5 25. Rc2 b4 26. e5 Qa6 27. Rc4
Qb6 28. f5 Nd7 29. exd6 Qxd4 30. Rxd4 exd6 31. fxg6 Nc5 32. gxh7+ Kxh7 33. Rf4
Kg7 34. Bh5 Nd3 35. Rc4 Nc5 36. Kh2 Kh6 37. g4 f5 38. Kg3 fxg4 39. Bxg4 Re8 40.
Rc2 Re3+ 41. Kf4 Re4+ 42. Kg3 Rd4 43. Bf3 Kg5 44. Re2 Nd7 45. Re4 Rd3 46. h4+
Kf6 47. Rf4+ Kg7 48. Rg4+ Kf6 49. Rf4+ Kg7 50. Rg4+ Kf6 51. Kf2 Rd2+ 52. Ke3
Rxa2 53. Rf4+ Kg7 54. Rc4 Ne5 55. Rc7+ Kf6 56. Bd1 Rh2 57. h5 Rh1 58. Kd2 Rh3
59. Ke1 Nd3+ 60. Kd2 Nc5 61. Ra7 Rd3+ 62. Kc2 Rxb3 63. Rxa5 Rc3+ 64. Kb1 Rh3
65. Rb5 Rh1 66. Kc1 Ke5 67. Kd2 Rh2+ 68. Kc1 Kxd5 69. Rb6 Nd3+ 70. Kb1 Kc5 71.
Rb8 Kc4 72. Bc2 Nc5 73. Bg6 Kc3 74. Bf7 Rf2 75. Bg8 Rh2 76. Bf7 b3 77. Bxb3
Nxb3 78. Rc8+ Nc5 79. Rd8 Ne4 80. Re8 d5 81. Re7 0-1

[Event "Bundesliga 06/07"]
[Site "?"]
[Date "2006.11.19"]
[Round "?"]
[White "Rabiega, R."]
[Black "Nataf, I."]
[Result "1/2-1/2"]
[WhiteElo "2506"]
[BlackElo "2470"]
[PlyCount "35"]
[EventDate "2006.??.??"]

1. e4 c5 2. Nf3 Nc6 3. c3 Nf6 4. e5 Nd5 5. d4 cxd4 6. cxd4 d6 7. Bc4 Nb6 8. Bb5
dxe5 9. Nxe5 Bd7 10. Nxd7 Qxd7 11. Nc3 e6 12. O-O Be7 13. Qg4 O-O 14. Bxc6 bxc6
15. Bh6 Bf6 16. Rfd1 Kh8 17. Ne4 Qe7 18. Bg5 1/2-1/2

[Event "BL06/07"]
[Site "?"]
[Date "2006.11.19"]
[Round "?"]
[White "Polzin, R."]
[Black "Stern, R."]
[Result "1/2-1/2"]
[WhiteElo "2480"]
[BlackElo "2457"]
[PlyCount "83"]
[EventDate "2006.??.??"]

1. e4 e5 2. Nf3 Nc6 3. Bb5 a6 4. Ba4 Nf6 5. O-O Be7 6. Re1 b5 7. Bb3 O-O 8. d4
Nxd4 9. Nxd4 exd4 10. e5 Ne8 11. c3 dxc3 12. Nxc3 d6 13. Qf3 Be6 14. Bf4 dxe5
15. Bxe5 Bd6 16. Rad1 Bxb3 17. axb3 Nf6 18. Bxd6 cxd6 19. Qc6 Re8 20. Rxe8+
Qxe8 21. Qxd6 h6 22. Qd4 Qe6 23. b4 Re8 24. h3 Qf5 25. Qa7 Re6 26. Qd4 Kh7 27.
Qd3 Re1+ 28. Kh2 Qxd3 29. Rxd3 Ne4 30. Rd4 f5 31. f3 Nxc3 32. bxc3 Rc1 33. Rd3
Kg8 34. h4 Kf8 35. Kg3 Ke7 36. Kf4 Ke6 37. h5 Rh1 38. g4 fxg4 39. fxg4 Rf1+ 40.
Ke4 Re1+ 41. Kf4 Rf1+ 42. Ke4 1/2-1/2

[Event "BL 06/07"]
[Site "?"]
[Date "2006.11.19"]
[Round "?"]
[White "Muse, M."]
[Black "Thiede, L."]
[Result "1/2-1/2"]
[WhiteElo "2447"]
[BlackElo "2504"]
[PlyCount "29"]
[EventDate "2006.??.??"]

1. d4 g6 2. e4 Bg7 3. Nf3 d6 4. c4 Nf6 5. Nc3 O-O 6. Be2 Na6 7. O-O e5 8. Re1
c6 9. Bf1 exd4 10. Nxd4 Ng4 11. h3 Qb6 12. hxg4 Qxd4 13. g5 Qxd1 14. Rxd1 Nc5
15. f3 1/2-1/2